STATISTICS FOR MANAGERS USING MICROSOFT (Record no. 5596)
[ view plain ]
| 000 -LEADER | |
|---|---|
| fixed length control field | 00386nam a2200145Ia 4500 |
| 008 - FIXED-LENGTH DATA ELEMENTS--GENERAL INFORMATION | |
| fixed length control field | 240624s9999 xx 000 0 und d |
| 041 ## - LANGUAGE CODE | |
| Language code of text/sound track or separate title | eng |
| 082 ## - DEWEY DECIMAL CLASSIFICATION NUMBER | |
| Classification number | 519.5 LEV |
| 100 ## - MAIN ENTRY--PERSONAL NAME | |
| Personal name | LEVINE DAVID |
| 245 ## - TITLE STATEMENT | |
| Title | STATISTICS FOR MANAGERS USING MICROSOFT |
| 250 ## - EDITION STATEMENT | |
| Edition statement | (4th ed.) |
| 260 ## - PUBLICATION, DISTRIBUTION, ETC. | |
| Date of publication, distribution, etc. | 2006 |
| Place of publication, distribution, etc. | New Delhi |
| Name of publisher, distributor, etc. | Prentice-Hall of India |
| 300 ## - PHYSICAL DESCRIPTION | |
| Extent | xxii, : 886 : p. : cm. ; 27 |
| 365 ## - TRADE PRICE | |
| Currency code | RS |
| Price amount | 40 |
| Withdrawn status | Lost status | Damaged status | Not for loan | Home library | Current library | Shelving location | Date acquired | Source of acquisition | Cost, normal purchase price | Total Holds | Full call number | Barcode | Date last seen | Copy number | Price effective from | Koha item type |
|---|---|---|---|---|---|---|---|---|---|---|---|---|---|---|---|---|
| Store Books | IMTN | IMTN | Rack 18-A | 07/29/2007 | IBH | 695.00 | 500 | 519.5 LEV | 5596 | 06/24/2024 | 1 | 06/24/2024 | Books |